000 00651nam a2200205 a 4500
001 8122
003 CO-ViMGA
008 141112s2004 ck r 000 u spa d
020 _a9586014959
040 _aCO-ViMGA
_bspa
_cCO-ViMGA
082 0 4 _aCo863.44 A11a
100 1 _aAbad Faciolince, Hector
_97830
245 1 0 _aAsuntos de un Hidalgo Disoluto
260 _aBogotá,
_cTercer Mundo Editores 1994
300 _a232 p.
490 _aColeccion de narrativa contemporanea Prisma
590 _aForma de adquisición : donacion - - Proveedor : Luis Ángel Arango - - Ejemplares : 2
650 1 4 _anovela colombiana - siglo XX
_92058
942 _2ddc
_cBK
999 _c19936
_d19936